| 000 | 00549cam a22002171 4500 | ||
|---|---|---|---|
| 001 | sa 68010845 | ||
| 003 | DLC | ||
| 005 | 20260227112556.0 | ||
| 008 | 890503s1968 ii c 000 0 urdr | ||
| 010 | _asa 68010845 | ||
| 035 | _a(OCoLC)19650253 | ||
| 040 |
_aDLC _cWaU _dDLC |
||
| 042 | _apremarc | ||
| 050 | 0 | 0 |
_aBP80.A512 _bA4 1968 |
| 100 | 0 |
_aAhmad Said, _d1887-1959. |
|
| 245 | 1 | 0 | _aMakātīb-i Aḥmad Saʻīd. |
| 260 | _c[1968?] | ||
| 300 |
_a152 p. _bport. _c19 cm. |
||
| 500 | _aIn Urdu. | ||
| 700 | 2 |
_aZ̤amīr Ḥasan, Sayyid, _d1940- |
|
| 999 |
_c83588 _d83588 |
||